Ekonomické, politické a právne otázky medzinárodných vzťahov v roku 2010 zborník príspevkov z medzinárodnej vedeckej konferencie doktorandov : 10.6.2010 Bratislava

Guardado en:
Detalles Bibliográficos
Autores Corporativos: Ekonomické, politické a právne otázky medzinárodných vzťahov. Medzinárodná vedecká konferencia doktorandov, Ekonomická univerzita v Bratislave. Fakulta medzinárodných vzťahov
Otros Autores: Woltemar, Richard, Balhar, Víťazoslav, Lysák, Ladislav
Formato: Libro
Lenguaje:eslovaco
checo
inglés
Publicado: Bratislava Vydavateľstvo EKONÓM 2010
Materias:
Etiquetas: Agregar Etiqueta
Sin Etiquetas, Sea el primero en etiquetar este registro!

MARC

LEADER 00000nlm$a2200000$$$4500
001 0120455
005 20240514122855.9
020 |a 978-80-225-3034-7 
041 0 |a slo 
041 0 |a cze 
041 0 |a eng 
044 |a SK 
245 1 0 |a Ekonomické, politické a právne otázky medzinárodných vzťahov v roku 2010  |b zborník príspevkov z medzinárodnej vedeckej konferencie doktorandov : 10.6.2010 Bratislava  |c zostavovateľ: Richard Woltemar 
264 1 |a Bratislava  |b Vydavateľstvo EKONÓM  |c 2010 
300 |a CD-ROM 
610 2 0 |a vzťahy hospodárske medzinárodné 
610 2 0 |a vzťahy politické medzinárodné 
610 2 0 |a vzťahy právne 
610 2 0 |a právo medzinárodné 
610 2 0 |a integrácia ekonomická medzinárodná 
610 2 0 |a globalizácia 
610 2 0 |a Európska únia 
700 1 |a Woltemar, Richard 
700 1 |a Balhar, Víťazoslav 
700 1 |a Lysák, Ladislav 
110 2 |a Ekonomické, politické a právne otázky medzinárodných vzťahov. Medzinárodná vedecká konferencia doktorandov 
710 2 |a Ekonomická univerzita v Bratislave. Fakulta medzinárodných vzťahov